| 000 | 00330nam a2200121Ia 4500 | ||
|---|---|---|---|
| 008 | 230907s9999||||xx |||||||||||||| ||und|| | ||
| 082 |
_a621.4022 _bZHA |
||
| 100 |
_aZhang, Zhuomin M. _9115510 |
||
| 245 | 0 | _aNano/microscale heat transfer / | |
| 260 |
_aMcGraw-Hill, _bNew York, NY : _c2007 |
||
| 300 | _axxi, 479 p. : | ||
| 942 | _cBK | ||
| 999 |
_c598607 _d598607 |
||